00984nas a2200229Ia 4500001001100000003000900011008004100020040001300061040001300074041001300087100003800100210001600138222001600154245010300170250001100273260003900284501008600323300001000409362003500419500026400454650003600718R017/H1883IT-RoPAU151124c99999999xx |||||||||||| ||und|| aIT-RoPAU cIT-RoPAU aITALIANO aAA.VV. gCodice Aut. SPICS: 12000 aFILMCRITICA aFilmcritica aFILMCRITICA SCUOLA, ANNO 05-N.20 (DICEMBRE 2002)bFilmcritica Scuola, Anno 05-N.20 (Dicembre 2002) a1a ed. aMONTEPULCIANO (SI)bLE BALZEc2002 bPaulus - SPICS - Società San Paolo EM (non-commercial uses only)cCopyright2015 a16 p. aANNO 005, N.20 (DICEMBRE 2002) aSupplemento Alla Rivista Filmcritica N.530. Editoriale di A. Ciai: Attualità della Nouvelle Vague. Analisi del Film Furia (1936) di Fritz Lang a Cura di A. Cappabianca. Cinema e Storia: il Melodramma di Guerra tra Storia e Società di G. Paganelli. Profilo aCINEMAvPUBBLICAZIONE PERIODICA